| 000 | 00779nam a2200253Ia 4500 | ||
|---|---|---|---|
| 008 | 150520s9999 xx 000 0 und d | ||
| 050 | _aLB 1028 | ||
| 050 | _b.D123 2015 | ||
| 100 | _aDa Eun Lee, Linda. | ||
| 245 | _aUse of cooperative play in learning social skills of children with visual impairment / | ||
| 245 | _cLinda Da Eun Lee. | ||
| 260 | _aLas Piñas, Philippines : | ||
| 260 | _bSISC, | ||
| 260 | _c2015. | ||
| 300 | _a48 pages: | ||
| 300 | _billustrations ; | ||
| 300 | _c28 cm. | ||
| 500 | _aIncludes bibliographical references and appendices. | ||
| 650 | _aEducational cooperation | ||
| 650 | _aGroup work in education | ||
| 650 | _aLearning disabled children | ||
| 650 | _aTeam learning approach in education | ||
| 650 | _xVisual Impairment | ||
| 999 |
_c284074 _d284074 |
||